| 000 | 00672nam a2200193 a 4500 | ||
|---|---|---|---|
| 001 | BRCA_128 | ||
| 005 | 20190320202907.0 | ||
| 008 | 960409s1979 mx-a---###---#000-0#spa-d | ||
| 041 | _aspa | ||
| 050 | 4 |
_aBV3797 _b.L46 1979 |
|
| 100 | 1 |
_aLeón-Portilla, Miguel _9504 |
|
| 245 | 1 | 0 |
_aUn catecismo náhuatl en imágenes _cintroducción, paleografía, traducción al castellano y notas de Miguel León-Portilla ; coordinación Daniela San José. |
| 260 |
_aMéxico _bCartón y Papel de México _c1979 |
||
| 300 |
_a47 p. _bil. _c22 cm. |
||
| 650 | 1 | 4 |
_aIglesia católica _xHistoria _zMéxico _9505 |
| 650 | 1 | 4 |
_aCatecismo _9506 |
| 700 | 1 |
_aSan José, Daniela _9507 |
|
| 942 |
_2lcc _cB |
||
| 999 |
_c111 _d111 |
||